Methods in bioengineering : 3D tissue engineering /

Bibliographic Details
Other Authors: Berthiaume, François, Morgan, Jeffrey Robert
Format: Book
Language:English
Published: Boston : Artech House, [2010]
Series:Artech House methods in bioengineering series.
Subjects:

MARC

Tag First Indicator Second Indicator Subfields
LEADER 00000cam a2200000 a 4500
001 in00004512708
005 20191204153737.0
008 100716s2010 maua b 001 0 eng
015 |a GBB091447  |2 bnb 
016 7 |a 015603291  |2 Uk 
020 |a 9781596934580 
020 |a 1596934581 
029 1 |a CDX  |b 12177206 
035 |a (OCoLC)ocn507420857 
035 |a (OCoLC)507420857 
035 |z (UtOrBLW)51831 
035 |a 72674 
040 |a UKM  |c UKM  |d YDXCP  |d CDX  |d TMV  |d UtOrBLW 
042 |a ukblsr 
049 |a TMVM  |c 1 
050 4 |a R857.T55  |b M48 2010 
060 4 |a QT 25  |b M593 2010 
082 0 4 |a 571.538  |2 22 
245 0 0 |a Methods in bioengineering :  |b 3D tissue engineering /  |c François Berthiaume, Jeffrey Morgan, editors. 
246 1 3 |a 3D tissue engineering 
264 1 |a Boston :  |b Artech House,  |c [2010] 
264 4 |c ©2010 
300 |a xvi, 262 pages :  |b illustrations (some color) ;  |c 27 cm. 
336 |a text  |2 rdacontent  |b txt 
337 |a unmediated  |2 rdamedia 
338 |a volume  |2 rdacarrier  |b nc 
490 1 |a The Artech House methods in bioengineering series 
504 |a Includes bibliographical references and index. 
650 0 |a Tissue engineering. 
650 0 |a Transplantation of organs, tissues, etc. 
650 0 |a Artificial organs. 
650 2 |a Tissue Engineering  |x methods. 
650 2 |a Artificial Organs. 
700 1 |a Berthiaume, François. 
700 1 |a Morgan, Jeffrey Robert. 
830 0 |a Artech House methods in bioengineering series. 
999 |a MARS 
999 f f |s 7a1905f4-b212-3806-9987-943319f840e7  |i 2aee521a-c16b-35fe-9518-2e9734b57448  |t 0 
952 f f |p ric  |a Texas A&M University  |b Rellis Campus  |c Joint Library Facility  |d Remote Storage  |t 0  |e QT 25 M593 2010  |h National Library of Medicine classification  |i unmediated -- volume  |m 3238902123796 
998 f f |a QT 25 M593 2010  |t 0  |l Remote Storage